000 00319nam a2200133Ia 4500
008 230818s2005 xx 000 0 und d
041 _aeng
100 _aTodiwala
245 _aInternational Cuisine India
260 _bHodder Arnold
_c2005
300 _a279p
520 _aReference Copy
999 _c852689
_d852689
650 _aFood Production